| 000 | 00565nam a2200193Ia 4500 | ||
|---|---|---|---|
| 005 | 20260429112025.0 | ||
| 008 | 260429s9999||||xx |||||||||||||| ||und|| | ||
| 020 | _a9783031691652 | ||
| 041 | _aEnglish | ||
| 082 |
_a330.19 _bBLE |
||
| 100 | _aBleichrodt, Han | ||
| 245 | 0 |
_aBehavioural economics : _badvanced economic policy and theory / _cHan Bleichrodt |
|
| 260 |
_aSwitzerland : _bPalgrave Macmillan, _c2025. |
||
| 300 | _axv, 299 p.; pbk | ||
| 650 | _a Behavioural economics | ||
| 650 | _a Psychological principles | ||
| 650 | _aEconomics | ||
| 942 | _cTB | ||
| 999 |
_c51948 _d51948 |
||